| 000 | 01093nac a22003131u 4500 | ||
|---|---|---|---|
| 003 | EG-ScBUE | ||
| 005 | 20220830120939.0 | ||
| 008 | 200219t1997 njua f b 001 0 eng d | ||
| 020 | _a0131344013 | ||
| 020 | _a9780131344013 | ||
| 040 |
_aEG-ScBUE _beng _erda _cEG-ScBUE _dEG-ScBUE |
||
| 082 | 0 | 4 |
_a709.455109024 _bTUR _222 |
| 100 | 1 |
_aTurner, A. Richard _q(Almon Richard), _d1932-2011, _eauthor. |
|
| 245 | 1 | 0 |
_aRenaissance Florence : _bthe invention of a new art / _cA. Richard Turner. |
| 264 | 1 |
_aUpper Saddle River, NJ : _bPrentice Hall, _c[1997] |
|
| 264 | 4 | _cc1997 | |
| 300 |
_a176 pages : _billustrations (chiefly color) ; _c24 cm. |
||
| 336 |
_2rdacontent _atext _btxt |
||
| 337 |
_2rdamedia _aunmediated _bn |
||
| 338 |
_2rdacarrier _avolume _bnc |
||
| 490 | 0 | _aA perspectives book from Prentice Hall | |
| 504 | _aIncludes bibliographical references and index. | ||
| 650 | 7 |
_aArt, Italian _zItaly _zFlorence. _2BUEsh |
|
| 650 | 7 |
_aArt, Renaissance _zItaly _zFlorence. _2BUEsh |
|
| 651 | _2BUEsh | ||
| 653 | _bART | ||
| 655 |
_vReading book _934232 |
||
| 942 |
_cBB _2ddc |
||
| 999 |
_c1477 _d1477 |
||